| 000 | 00624nam a2200193Ia 4500 | ||
|---|---|---|---|
| 003 | IN-BaIIA | ||
| 008 | 211028s9999 xx 000 0 eng d | ||
| 040 | _cIIA Library | ||
| 080 |
_a524.6(042) _bBOK |
||
| 245 | 0 |
_aTen lectures on the kinematics and dynamics of our galaxy _cedited by B. J. Bok |
|
| 260 |
_aLong Island _bStony Brook _c1968 |
||
| 300 | _a197p. | ||
| 500 | _aDonated by Mrs. Bappu | ||
| 650 | _aAstronomy and Astrophysics Thesaurus | ||
| 650 |
_aGalaxies _91286 |
||
| 650 |
_aMilky Way Galaxies _93505 |
||
| 700 |
_aBok, B. J., ed. _912681 |
||
| 942 | _cBK | ||
| 999 |
_c7422 _d7422 |
||